Learning Resource and Development

Handbook of plastic technology volume 2 : (Record no. 764)

MARC details
000 -LEADER
fixed length control field 00862nam a22002537a 4500
005 - DATE AND TIME OF LATEST TRANSACTION
control field 20230512123208.0
008 - FIXED-LENGTH DATA ELEMENTS--GENERAL INFORMATION
fixed length control field 180118t xxu||||| |||| 00| 0 eng d
020 ## - INTERNATIONAL STANDARD BOOK NUMBER
International Standard Book Number 8123910193
040 ## - CATALOGING SOURCE
Transcribing agency CSPC
082 0# - DEWEY DECIMAL CLASSIFICATION NUMBER
Classification number 668.41
Item number Al531h
100 ## - MAIN ENTRY--PERSONAL NAME
Personal name Allen, W. S.,
Relator term author.
245 00 - TITLE STATEMENT
Title Handbook of plastic technology volume 2 :
Remainder of title identification, testing and recycling of plastics
Statement of responsibility, etc. W. S. Allen
250 ## - EDITION STATEMENT
Edition statement 1st
Remainder of edition statement edition
260 ## - PUBLICATION, DISTRIBUTION, ETC.
Place of publication, distribution, etc. New Delhi :
Name of publisher, distributor, etc. Satish Kumar Jain of CBS Publishers & Distributors,
Date of publication, distribution, etc. 2004.
300 ## - PHYSICAL DESCRIPTION
Extent v, 649 pages :
Other physical details figures, tables ;`
Dimensions 25 cm.
500 ## - GENERAL NOTE
General note Includes Index.
504 ## - BIBLIOGRAPHY, ETC. NOTE
Bibliography, etc. note Bibliography (pages 641-642)
650 10 - SUBJECT ADDED ENTRY--TOPICAL TERM
Topical term or geographic name entry element Plastics.
700 1# - ADDED ENTRY--PERSONAL NAME
Personal name Allen, W. S.,
Relator term author.
700 1# - ADDED ENTRY--PERSONAL NAME
Personal name Baker, P. N.,
Relator term author.
942 ## - ADDED ENTRY ELEMENTS (KOHA)
Koha item type
-- ENG 668.41 Al531h 2004
Holdings
Withdrawn status Lost status Source of classification or shelving scheme Damaged status Not for loan Home library Current library Shelving location Date acquired Total Checkouts Full call number Barcode Date last seen Copy number Price effective from Koha item type
    Dewey Decimal Classification     Main Library Main Library Engineering Section 05/12/2023   ENG 668.41 Al531h 2004 007814 05/12/2023 1 05/12/2023 Books